Normal view
MARC view
- المؤرخون الاردنيون- تراجم
Entry Topical Term
001 - CONTROL NUMBER
- control field: 49613
003 - CONTROL NUMBER IDENTIFIER
- control field: JO-AjAnu
005 - DATE AND TIME OF LATEST TRANSACTION
- control field: 20230606082156.0
008 - FIXED-LENGTH DATA ELEMENTS
- fixed length control field: 230606|| aca||aabn | a|a d
040 ## - CATALOGING SOURCE
- Original cataloging agency: JO-AjAnu
- Transcribing agency: JO-AjAnu
150 ## - HEADING--TOPICAL TERM
- Topical term or geographic name entry element: المؤرخون الاردنيون- تراجم
670 ## - SOURCE DATA FOUND
- Source citation: Work cat.: (JO-AjAnu)25369: تقديم أبو الشعر، هند, author 49612, محمد عدنان البخيت مؤرخا وموثقا واستاذا ومؤسسا